000 01778nam a2200397 a 4500
001 77436
003 BD-RjUL
005 20211209082954.0
008 200813s2003 nju 000 0deng d
020 _a081353318X (hardcover : alk. paper)
035 _a(BD-RjUL)
040 _aDLC
_cDLC
_dDLC
_dBD-RjUL
_beng
041 _aeng
042 _apcc
043 _an-us-nj
_aa-ii---
082 0 0 _a929.208991411073
_221
100 1 _aKalita, S. Mitra,
_d1976-
_9241385
245 1 0 _aSuburban Sahibs :
_bthree immigrant families and their passage from India to America /
_cS. Mitra Kalita.
260 _aNew Brunswick, N.J. :
_bRutgers University Press,
_c2003.
300 _axii, 164 p. ;
_c23
504 _aIncludes bibliographical references (p. [171]).
650 0 _aEast Indian Americans
_zNew Jersey
_zMiddlesex County
_xSocial conditions.
_9241386
650 0 _aEast Indian Americans
_xCultural assimilation
_zNew Jersey
_zMiddlesex County.
_9241387
650 0 _aEast Indian Americans
_zNew Jersey
_zMiddlesex County
_vBiography.
_9241388
650 0 _aImmigrant families
_zNew Jersey
_zMiddlesex County
_xSocial conditions.
_9241389
650 0 _aImmigrant families
_zNew Jersey
_zMiddlesex County
_vBiography.
_9241390
650 0 _aAsian American families
_zNew Jersey
_zMiddlesex County
_vCase studies.
_9241391
650 0 _aSuburban life
_zNew Jersey
_zMiddlesex County
_vCase studies.
_9241392
651 0 _aNew Jersey
_xEmigration and immigration
_vCase studies.
_9241393
651 0 _aIndia
_xEmigration and immigration
_vCase studies.
_9241394
651 0 _aMiddlesex County (N.J.)
_xEthnic relations.
_9241395
856 4 1 _3Table of contents
_uhttp://www.loc.gov/catdir/toc/ecip041/2003005658.html
942 _2ddc
_cBK
999 _c77436
_d77436